A Development of HR Analytics with Respect to Attrition Rate at Cummins India Ltd. (Record no. 359366)
[ view plain ]
| 000 -LEADER | |
|---|---|
| fixed length control field | 00448nam a22001457a 4500 |
| 005 - DATE AND TIME OF LATEST TRANSACTION | |
| control field | 20240808151046.0 |
| 008 - FIXED-LENGTH DATA ELEMENTS--GENERAL INFORMATION | |
| fixed length control field | 240808b |||||||| |||| 00| 0 eng d |
| 041 ## - LANGUAGE CODE | |
| Language code of text/sound track or separate title | eng |
| 082 ## - DEWEY DECIMAL CLASSIFICATION NUMBER | |
| Item number | KUM |
| 100 ## - MAIN ENTRY--PERSONAL NAME | |
| Author | Kumbhojkar Soniya- 2K211062 & Dr. Suvarna Dhamdhere – Guide |
| 245 ## - TITLE STATEMENT | |
| Title | A Development of HR Analytics with Respect to Attrition Rate at Cummins India Ltd. |
| 260 ## - PUBLICATION, DISTRIBUTION, ETC. | |
| Place of publication, distribution, etc. | Pune |
| Name of publisher, distributor, etc. | SPPU |
| Date of publication, distribution, etc. | March-2023 |
| 300 ## - PHYSICAL DESCRIPTION | |
| Extent | 146p |
| 942 ## - ADDED ENTRY ELEMENTS (KOHA) | |
| Koha item type | Project Reports |
| Withdrawn status | Lost status | Source of classification or shelving scheme | Damaged status | Not for loan | Home library | Current library | Date acquired | Vendor | Total Checkouts | Full call number | Barcode | Date last seen | Bill Date | Koha item type | Original Barcode |
|---|---|---|---|---|---|---|---|---|---|---|---|---|---|---|---|
| Dewey Decimal Classification | Smt. Hiraben Nanavati Institute of Management & Research for Women | Smt. Hiraben Nanavati Institute of Management & Research for Women | 28/03/2023 | HNIMR | KUM | HIMR-PR-766 | 08/08/2024 | 08/08/2024 | Project Reports | PR0766 |